000
00342nam a2200145Ia 4500
008
230718s9999 xx 000 0 und d
041
_a
Eng.
082
_a
510
_b
GRI-T
100
_a
Grindred, Peter
245
4
_a
the theay and Application
260
_a
Pakistan
_b
oxford airing fress
_c
1996
300
_a
275
650
_a
Law
999
_c
26478
_d
26478